000 00293nam a22001337a 4500
008 170713b xxu||||| |||| 00| 0 eng d
020 _a39321146
041 _aeng
080 _a101
100 _a24
101 _aFIL
245 _aMATTERS OF LIFE AND DEATH
_cBEAUCHAMP,T.L
942 _2udc
_cBK
999 _c20521
_d20521